Datum a čas kvízu
17.5
Celkem bodů
Celkový počet nahraných bodů na tomto kvízu bez doplňovacích otázek.
1.
Pořadí na kvízu
Konečné umístění týmu na tomto kvízu.
Zaznamenané odpovědi
| # | Otázka | Odpověď | Body | Výsledky |
|---|---|---|---|---|
| 1. | Novinářskou cenu Ferdinanda Pe... | 0 | ||
| 2. | Americký prezident Donald Trum... | 0 | ||
| 3. | Jak se jmenuje osmnáctiletá st... | 0 | ||
| 4. | Společnost Google minulý týden... | 1 | ||
| 5. | Jak se jmenuje trenér, který v... | 0 | ||
| 7. | Kterou barvou je na mapě vyzna... | 1 | ||
| 8. | Díváme se na podobiznu bezespo... | 1 | ||
| 9. | Nejvyšší vodopád na světě najd... | 0 | ||
| 10. | Vzhledem k přírodním podmínkám... | 1 | ||
| 43. | Která z těchto kosmetických zn... | 1 |